The little data book on gender. (Record no. 61192)
[ view plain ]
| 000 -LEADER | |
|---|---|
| fixed length control field | 01656nam a2200433Ia 4500 |
| 245 04 - TITLE STATEMENT | |
| Title | The little data book on gender. |
| 260 ## - PUBLICATION, DISTRIBUTION, ETC. (IMPRINT) | |
| Place of publication | Washington, D.C. : |
| Name of publisher | World Bank, |
| Year of publication | 2009. |
| 300 ## - PHYSICAL DESCRIPTION | |
| Number of Pages | vi, 230 p. |
| 490 0# - SERIES STATEMENT | |
| Series statement | little data book on gender ; |
| 500 ## - GENERAL NOTE | |
| General note | "From World Development Indicators." |
| 650 #0 - SUBJECT ADDED ENTRY--TOPICAL TERM | |
| Topical Term | Birth control |
| Topical Term | Fertility, Human |
| Topical Term | Reproductive health |
| Topical Term | Sex role |
| Topical Term | Women |
| Topical Term | Women |
| Topical Term | Women |
| Topical Term | Women |
| Topical Term | Women |
| 856 40 - ELECTRONIC LOCATION AND ACCESS | |
| Uniform Resource Identifier | http://site.ebrary.com/lib/rucke/Doc?id=10309178 |
No items available.
